Habeas domus (Record no. 77008)

MARC details
000 -LEADER
fixed length control field 01514cab a2200229 4500
001 - CONTROL NUMBER
control field ##L133442
008 - FIXED-LENGTH DATA ELEMENTS--GENERAL INFORMATION
fixed length control field 060508n2006 000 0 eng u
035 ## - SYSTEM CONTROL NUMBER
System control number (Sirsi) u133442
041 0# - LANGUAGE CODE
Language code of text/sound track or separate title eng
100 1# - MAIN ENTRY--PERSONAL NAME
Personal name Thompson-Copsey, Sarah
245 00 - TITLE STATEMENT
Title Habeas domus
260 ## - PUBLICATION, DISTRIBUTION, ETC.
Date of publication, distribution, etc. 2006
490 ## - SERIES STATEMENT
Series statement Estates Gazette
Volume/sequential designation (0617) 29 April 2006, 104-105(2)
520 ## - SUMMARY, ETC.
Summary, etc. Examines the judgment in"Kay and others v Lambeth LBC and another" ([2006] UKHL 10, L133439) which concludes that the European Convention of Human Rights Art 8 can be used as a defence to local authority possession proceedings but such defences are unlikely to succeed and that courts should follow domestic precedent even in the face of apparently inconsistent later European court decisions. Reviews the decisions in "Poplar Housing Regeneration Community Association Ltd v Donoghue" ([2001 EWCA Civ 595, Abs 64290], "Harrow LBC v Qazi" ([2003] UKHL 43, Abs67176) and "Connors v United Kingdom" ([2004] 40 EHRR 189, unreported) which left the defence position uncertain. Considers the human rights and jurisdictional issues and assesses the effect of the HL ruling on public authority landlords.
650 24 - SUBJECT ADDED ENTRY--TOPICAL TERM
Topical term or geographic name entry element KAY AND OTHERS V LAMBETH LBC AND ANOTHER
650 24 - SUBJECT ADDED ENTRY--TOPICAL TERM
Topical term or geographic name entry element CONNORS V UNITED KINGDOM
650 24 - SUBJECT ADDED ENTRY--TOPICAL TERM
Topical term or geographic name entry element CONVENTION FOR THE PROTECTION OF HUMAN RIGHTS AND FUNDAMENTAL FREEDOMS ART 8
650 24 - SUBJECT ADDED ENTRY--TOPICAL TERM
Topical term or geographic name entry element HARROW LBC V QAZI
650 24 - SUBJECT ADDED ENTRY--TOPICAL TERM
Topical term or geographic name entry element POPLAR HOUSING V DONOGHUE
690 ## - LOCAL SUBJECT ADDED ENTRY--TOPICAL TERM (OCLC, RLIN)
Topical term or geographic name as entry element PROPERTY-RESIDENTIAL PROPERTY-RESIDENTIAL LANDLORD AND TENANT
942 ## - ADDED ENTRY ELEMENTS (KOHA)
Suppress in OPAC 0
Holdings
Withdrawn status Lost status Source of classification or shelving scheme Damaged status Not for loan Home library Current library Shelving location Date acquired Total Checkouts Full call number Barcode Date last seen Copy number Price effective from Koha item type
    Dewey Decimal Classification     London London Journal article 08/05/2006   L133442 133442-1001 06/08/2019 1 06/08/2019 Journal article